| 000 | 03423cam a22004454i 4500 | ||
|---|---|---|---|
| 003 | PE-LiUPU | ||
| 005 | 20250731165440.0 | ||
| 008 | 160614s2013 pe a grm 000 0 spa d | ||
| 035 | _a(Sirsi) a157252 | ||
| 040 |
_aPE-LiUPU _bspa _cPE-LiUPU _erda |
||
| 099 |
_aTE 2 _bM26 2013 |
||
| 100 | 1 |
_aMarchena Rivera, Cristina, _eautor |
|
| 245 | 1 |
_aEfectividad del programa "Lápiz y papel" para la producción de textos narrativos en los estudiantes del 4to grado de Educación Primaria de la I.E "Fe y Alegría" Nro. del A.A.H.H. Virgen del Carmen, la Era, Lurigancho - Chosica / _cCristina Marchana Rivera. |
|
| 264 | 0 | _c2013. | |
| 300 |
_a149 hojas : _bilustraciones; _c30 cm |
||
| 336 |
_atext _2rdacontent |
||
| 337 |
_aunmediated _2rdamedia |
||
| 338 |
_avolume _2rdacarrier |
||
| 502 |
_a149 hojas : _bilustraciones; _c30 cm |
||
| 504 | _aIncluye referencias | ||
| 520 | 3 | _aEl propósito de la investigación fue determinar la efectividad del Programa "Lápiz y papel" para la producción de textos narrativos en los estudiantes del 4to grado de Educación Primaria de la I.E "Fe y Alegría" Nro. del A.A.H.H. Virgen del Carmen, la Era, Lurigancho - Chosica. El tipo de investigación fue básica de enfoque cuantitativo, el diseño pre experimental y la muestra estuvo conformada por un total de 20 estudiantes. Para el desarrollo del estudio se elaboró un instrumento que fue validado por expertos. El análisis de los resultados a través de la prueba t demostró que existen diferencias significativas (p<0,05) en planificación, donde se obtuvo una media de 6.50, frente a 13.60 después, con una diferencia promedio de -7.100; este mismo resultado se obtuvo en la dimensión de escritura (p<0,05) en donde la media fue de 14.50 antes frente a un 24.35 después, con una diferencia promedio de -9,850; asimismo para la dimensión de revisión y publicación (p<0,05) se obtuvo una media de 4.75 antes, frente a un 7.50 después, con una diferencia promedio de -2,750; consecuentemente para la variable principal de producción de textos narrativos se obtuvieron resultados significativos (p<0,05) siendo la media de 25,75 antes frente a un 45,45 después, con una diferencia promedio de -19,700. Estos resultados corroboraron la efectividad del programa, demostrando que los niños y niñas desarrollaron significativamente los procesos de planificación, escritura, revisión y publicación de su texto narrativo. Todos los resultados mencionados anteriormente demostraron que los estudiantes lograron tener mejor dominio de organización de ideas utilizando organizadores gráficos, fase que demostró una mejor secuencia de hechos en la redacción de textos narrativos, sin embargo en la fase de revisión de textos, los niños y niñas necesitaron tener mejor desarrollo en el reconocimiento de errores presentados en la producción de textos. | |
| 526 | _aSEG44 | ||
| 526 | _aSEG26 | ||
| 526 | _aP151 | ||
| 526 | _aP150 | ||
| 526 | _aP149 | ||
| 526 | _aP146 | ||
| 526 | _aP145 | ||
| 526 | _aP126 | ||
| 526 | _aP125 | ||
| 526 | _aP92 | ||
| 526 | _aP75 | ||
| 526 | _aP74 | ||
| 526 | _aP27 | ||
| 526 | _aP15 | ||
| 650 | 0 | 4 |
_aNiños _xArte de escribir _xPlanes y programas |
| 596 | _a1 | ||
| 942 |
_2ddc _cTESIS |
||
| 999 |
_aTE 2 M26 2013 _wALPHANUM _c9926 _iT01564 _lCCODEBUL3 _mBUL _r1 _sY _tTESIS _u2016-6-14 _xEDUCACION _PP20 _o.STAFF. Tesis _d9926 |
||
| 980 |
_81 _gALBERTO SANCHEZ Responsable de Automatización |
||